Transforming Africa : (Record no. 12547)
[ view plain ]
| 000 -LEADER | |
|---|---|
| fixed length control field | 00567cam a22001932 4500 |
| 001 - CONTROL NUMBER | |
| control field | 0000001461 |
| 005 - DATE AND TIME OF LATEST TRANSACTION | |
| control field | 20151217155809.0 |
| 008 - FIXED-LENGTH DATA ELEMENTS--GENERAL INFORMATION | |
| fixed length control field | 070312s xx 000 0 eng d |
| 040 ## - CATALOGING SOURCE | |
| Original cataloging agency | KABU |
| Transcribing agency | KABU |
| 050 #0 - LIBRARY OF CONGRESS CALL NUMBER | |
| Classification number | HC865 |
| Item number | .M33 |
| 100 1# - MAIN ENTRY--PERSONAL NAME | |
| Personal name | Mbaru, Jimnah. |
| -- | 0000150240 |
| 245 10 - TITLE STATEMENT | |
| Title | Transforming Africa : |
| Remainder of title | new pathways to development / |
| Statement of responsibility, etc. | Jimnah Mbaru. |
| 260 ## - PUBLICATION, DISTRIBUTION, ETC. (IMPRINT) | |
| Place of publication, distribution, etc. | Nairobi : |
| Name of publisher, distributor, etc. | E.A.E.P, |
| Date of publication, distribution, etc. | 2003. |
| 300 ## - PHYSICAL DESCRIPTION | |
| Extent | xix, 538 p. |
| 651 #0 - SUBJECT ADDED ENTRY--GEOGRAPHIC NAME | |
| Geographic name | Kenya |
| General subdivision | Economic policy. |
| -- | 0000150198 |
| 908 ## - PUT COMMAND PARAMETER (RLIN) | |
| Put command parameter | 070312 |
| 950 ## - LOCAL HOLDINGS (RLIN) | |
| -- | 1 |
| Withdrawn status | Lost status | Source of classification or shelving scheme | Not for loan | Home library | Current library | Date acquired | Total Checkouts | Total Renewals | Full call number | Barcode | Date last seen | Date last checked out | Price effective from | Koha item type |
|---|---|---|---|---|---|---|---|---|---|---|---|---|---|---|
| Library of Congress Classification | Kabarak, Main Campus | Kabarak, Main Campus | 17/12/2015 | 5 | 1 | HC865 .M33 c. 1 | 004068 | 13/11/2018 | 11/10/2018 | 17/12/2015 | Africana Collection |